| 000 | 01480cam a2200157 4500500 | ||
|---|---|---|---|
| 005 | 20260329012328.0 | ||
| 041 | _afre | ||
| 042 | _adc | ||
| 100 | 1 | 0 |
_aSibony, Judith _eauthor |
| 245 | 0 | 0 | _aQuand le féminisme fait dans la dentelle |
| 260 | _c2024. | ||
| 500 | _a51 | ||
| 520 | _aLe rap est la deuxième musique la plus écoutée dans le monde. Cela seul justifierait d’aller y voir de près. Ce succès ne va pas de soi, si l’on considère que le rap s’avance sous le signe de la transgression des codes officiels et des valeurs mainstream. Il correspond à une rupture générationnelle qui n’est pas sans rappeler celle qu’a représentée le rock’n’roll dans les années cinquante et soixante. Le rap divise les familles comme le rock en son temps. Le phénomène est d’autant plus remarquable que le rock représentait l’appropriation-exploitation d’un genre musical minoritaire, le blues développé par la minorité noire, par le courant majoritaire représenté par la majorité blanche. Le rap, à l’opposé, est l’emblème revendiqué d’une culture minoritaire qui s’impose à la majorité. Rencontre avec l’historienne et essayiste Bénédicte Delorme-Montini, auteure de La Gloire du rap. Les derniers seront les premiers (). | ||
| 786 | 0 | _nRevue des deux Mondes | Septembre | 6 | 2024-09-01 | p. 163-165 | 2266-4734 | |
| 856 | 4 | 1 | _uhttps://shs.cairn.info/revue-revue-des-deux-mondes-2024-6-page-163?lang=fr&redirect-ssocas=7080 |
| 999 |
_c1870016 _d1870016 |
||